Αινίγματα της τύχης
Αποθηκεύτηκε σε:
| Κύριος συγγραφέας: | |
|---|---|
| Άλλοι συγγραφείς: | |
| Μορφή: | Βιβλίο |
| Γλώσσα: | Greek English |
| Δημοσίευση: |
Αθήνα :
Κάτοπτρο,
1996.
|
| Θέματα: | |
| Ετικέτες: |
Προσθήκη ετικέτας
Δεν υπάρχουν, Καταχωρήστε ετικέτα πρώτοι!
|
MARC
| LEADER | 00000cam a2200000 i 4500 | ||
|---|---|---|---|
| 001 | 1/21971 | ||
| 008 | 980514s1996 gr | ||| |||| ||gre|| | ||
| 020 | |a 9607023900 | ||
| 035 | |l 10036440 | ||
| 040 | |a GR-MyUA |b gre |e AACR2 | ||
| 041 | 1 | |a gre |h eng | |
| 082 | 0 | |a 510.92 |2 (23) | |
| 100 | 1 | |a Kac, Mark. | |
| 245 | 1 | 0 | |a Αινίγματα της τύχης / |c Mark Kac ; μετάφραση και επιστημονική επιμέλεια Ε. Κυριακίδης, Σ. Ζαχαρίου. |
| 260 | |a Αθήνα : |b Κάτοπτρο, |c 1996. | ||
| 300 | |a 238 σ. ; |c 21 εκ. | ||
| 500 | |a Τίτλος πρωτοτύπου: Enigmas of chance. | ||
| 504 | |a Περιλαμβάνει ευρετήριο. | ||
| 600 | 1 | 0 | |a Kac, Mark. |
| 650 | 0 | 0 | |a Mathematicians |z United States |x Biography. |
| 700 | 1 | |a Κυριακίδης, Επαμεινώνδας, |e trl | |
| 765 | 0 | 8 | |i Μετάφραση του: |t Enigmas of chance : |
| 852 | |a INST |b RHODES |e 19980514 |h 510.924 KAC |p 005400006460 |q 005400006460 |t BK |y 0 | ||
| 852 | |a INST |b SAMOS |e 20141205 |h 510.92 KAC |p 005300037248 |q 005300037248 |t BK |y 0 | ||
| 852 | |a INST |b SYROS |e 20070615 |h 925 KAC |p 005500007297 |q 005500007297 |t BK |y 0 | ||
| 901 | |a BIBL3-2014-3 | ||
| 901 | |a BIBL5-2007-2 | ||
| 909 | |a Σ |b 189642 | ||
| 909 | |a Ε |b 135215 | ||
| 909 | |a Ρ |b 053524 | ||
| 922 | |a 3ΕΛΗ |b 201405 |c ΤΜΗΜΑ ΜΑΘΗΜΑΤΙΚΩΝ |d BEST BOOK HUNTERS | ||
| 922 | |a 5ΕΛΗ |b 200705 |c ΕΠΕΑΕΚ2/ΤΜΣΠΣ |d Σ. ΠΑΤΑΚΗΣ | ||
| 922 | |a 4ΕΛΗ |b 199802 |c ΚΠΣ/Ν |d EMVASIS | ||
| 970 | |a ΚΑΓΙΑΒΑ |b ΕΙΡΗΝΗ |z 2007/06/15 | ||